000 00408cam a2200181ua 4500
001 3008
008 020101n ii |||gr||||Z||||||eng
020 _a81-272-2035-3
040 _aMAIN
041 _aEnglish
082 _bSon
100 _aSontakki.C.N.
245 _aSalesmanship And Advertising
250 _aIst Edhition.
260 _aLudhiana:
_bKalyani Publishers.
300 _a384.
942 _cBK
999 _c3004
_d3004